000
00410nam a22001577a 4500
003
MPLRDC
005
20220104144143.0
008
210129b ||||| |||| 00| 0 eng d
082
_a
307.9 ZBL
100
_a
励艺夫、张宝林编写
245
_a
由来已久, 科学野史拾零
_c
260
_a
_b
科学普及出版社
_c
1981
300
_b
平
650
_a
通俗科学知识
942
_c
BK
_o
307.9 ZBL
999
_c
46901
_d
46891